|
|
|
|
| LEADER |
00000nam0a2200000 4500 |
| 001 |
327884 |
| 005 |
20250211063209.0 |
| 035 |
|
|
|a (RuTPU)RU\TPU\book\353571
|
| 035 |
|
|
|a RU\TPU\book\353570
|
| 090 |
|
|
|a 327884
|
| 100 |
|
|
|a 20170207d1978 k y0rusy5003 ca
|
| 101 |
0 |
|
|a rus
|
| 102 |
|
|
|a RU
|
| 105 |
|
|
|a a z 001zy
|
| 200 |
1 |
|
|a Процессы при генерации пара, водоподготовке и сжигании топлива
|e тематический сборник
|f Московский энергетический институт (МЭИ) ; под ред. И. Я. Дубровского
|
| 210 |
|
|
|a Москва
|c Изд-во МЭИ
|d 1978
|
| 215 |
|
|
|a 92 с.
|c ил.
|
| 225 |
1 |
|
|a Труды Московского энергетического института (МЭИ)
|v Вып. 378
|
| 320 |
|
|
|a Библиогр. в конце ст.
|
| 500 |
1 |
0 |
|a Труды Московского энергетического института
|9 88841
|
| 606 |
1 |
|
|a Тепловые электрические станции
|x Водное хозяйство
|2 stltpush
|3 (RuTPU)RU\TPU\subj\59604
|9 77114
|
| 606 |
1 |
|
|a Тепловые электрические станции
|x Топливное хозяйство
|2 stltpush
|3 (RuTPU)RU\TPU\subj\59701
|9 77202
|
| 610 |
1 |
|
|a пар
|
| 610 |
1 |
|
|a генерация
|
| 610 |
1 |
|
|a водоподготовка
|
| 610 |
1 |
|
|a топливо
|
| 610 |
1 |
|
|a сжигание
|
| 610 |
1 |
|
|a теплоотдача
|
| 610 |
1 |
|
|a сверхкритическое давление
|
| 610 |
1 |
|
|a водные теплоносители
|
| 610 |
1 |
|
|a топочные процессы
|
| 610 |
1 |
|
|a оборудование
|
| 675 |
|
|
|a 621.311.22:628
|v 3
|
| 675 |
|
|
|a 621.311.22.002.5:621.182.2-6
|v 3
|
| 702 |
|
1 |
|a Дубровский
|b И. Я.
|4 340
|
| 712 |
0 |
2 |
|a Московский энергетический институт (МЭИ)
|c (1930-1992)
|3 (RuTPU)RU\TPU\col\20092
|
| 801 |
|
0 |
|a RU
|b 63413507
|c 19950417
|g psbo
|
| 801 |
|
1 |
|a RU
|b 63413507
|c 20121003
|
| 801 |
|
2 |
|a RU
|b 63413507
|c 20170210
|g RCR
|
| 942 |
|
|
|c BK
|